|
|
|
|
| LEADER |
01022nam a2200241 a 4500 |
| 001 |
1562690 |
| 008 |
090621s1993 caua b 000 0 eng d |
| 010 |
|
|
|a 92054374
|
| 020 |
|
|
|a 1560521708
|
| 040 |
|
|
|a DLC
|c DLC
|d DLC
|
| 082 |
0 |
0 |
|a 658/.041
|2 20
|
| 100 |
1 |
|
|a Martin, Charles L.
|
| 245 |
1 |
0 |
|a Your new business :
|b a personal plan for success /
|c by Charles L. Martin.
|
| 260 |
|
|
|a Menlo Park, Calif. :
|b Crisp Publications,
|c c1993.
|
| 300 |
|
|
|a viii, 234 p. :
|b ill. ;
|c 24 cm.
|
| 490 |
|
0 |
|a Crisp small business and entrepreneurship series
|
| 504 |
|
|
|a Includes bibliographical references.
|
| 541 |
1 |
|
|e 00014765
|
| 650 |
|
0 |
|a New business enterprises
|z United States
|x Management.
|
| 650 |
|
0 |
|a Small business
|z United States
|x Management.
|
| 852 |
4 |
|
|a Ayesha Abed Library
|j General Shelf.
|
| 999 |
|
|
|c 1837
|d 1837
|
| 952 |
|
|
|0 0
|1 0
|2 ddc
|4 0
|6 658_041000000000000_MAR
|7 0
|9 1682
|a BRACUL
|b BRACUL
|c GEN
|d 2009-06-29
|g 0.00
|l 8
|m 78
|o 658.041 MAR
|p 3010014765
|r 2022-11-07
|s 2022-06-12
|t 1
|w 2009-06-29
|y BK
|x No price found in the accession register.
|